000 00384nam a22001577a 4500
005 20251108172414.0
008 250721s1968 xx 000 0 eng d
082 1 4 _aF/Sto
100 1 _aStockton, Frank R
245 1 4 _aThe griffin and the minor canon /
264 1 _aLondon :
_bCollins,
_c1968.
300 _a56p : ills
650 1 7 _aFiction
942 _2ddc
_cBK
999 _c78466
_d78466